| 000 | 01649cam a2200265 i 4500 | ||
|---|---|---|---|
| 001 | 991107456830306196 | ||
| 005 | 20250311145329.0 | ||
| 008 | 240112s2024 ne a e b 000 0 eng d | ||
| 020 |
_a9789063697020 _qpaperback |
||
| 035 | _a(OCoLC)1465007956 | ||
| 035 | _a(OCoLC)on1465007956 | ||
| 040 |
_aTOH _beng _erda _cTOH _dOCLCO _dOQX _dAKECL _dYDX |
||
| 050 | 4 |
_aHD6072.5 _b.B35 2024 |
|
| 100 |
_aBaldwin, Abigail, _eauthor. _924867 |
||
| 245 | 1 | 4 |
_aThe brand power manifesto _b: branding brilliance for female entrepreneurs _c/ Abigail & Chloe Baldwin. |
| 264 | 1 |
_aAmsterdam, The Netherlands : _bBIS Publishers, _c[2024] |
|
| 300 |
_a180 pages : _billustrations (some colour) ; _c24 cm |
||
| 504 | _aIncludes bibliographical references. | ||
| 520 | _a"Are you a female entrepreneur aiming to reach your highest potential? Then this is the book you need! Authored and designed by Abigail and Chloe Baldwin--dynamic twin sisters and successful business owners--this book unveils a unique roadmap to building confidence and a strong personal brand. Drawing from their own entrepreneurial journey, the Baldwins intertwine personal anecdotes with a practical branding framework. Emphasizing teamwork, personal growth, and strategic business development, it offers ten actionable strategies for women to enhance their brand and elevate their business. Follow their framework, and you're not just boosting your profile--you're transforming your revenue"--Publisher website. | ||
| 650 | 0 |
_aBranding (Marketing) _96284 |
|
| 650 | 0 |
_aEntrepreneurship _9570 |
|
| 650 | 0 |
_aBusinesswomen _911054 |
|
| 700 |
_aBaldwin, Chloe, _eauthor. _924868 |
||
| 942 | _2lcc | ||
| 999 |
_c4522 _d4522 |
||